LEADER 01258nam a2200277 i 4500 001 991001655179707536 008 060601s1994 sz b 001 0 fre d 020 $a3906752267 035 $ab13406401-39ule_inst 040 $aDip.to Filologia Class. e Scienze Filosofiche$bita 100 1 $aGain, Benoît$0416879 245 00$aTraductions latines de Pères grecs :$bla collection du manuscrit 'Laurentianus San Marco 584' : édition des lettres de Basile de Césarée /$cBenoît Gain 260 $aBern [etc.] :$bLang,$ccopyr. 1994 300 $aXIII, 533 p. ;$c21 cm 490 0 $aPublications universitaires européennes. Série 15., Philologie et littérature classiques ;$v64 500 1$aBibliografia: p. 469-502 650 04$aPadri della Chiesa$xOpere$vTraduzioni latine 650 04$aPatristica$xAutori greci 700 0 $aBasilius :$cCaesariensis 710 0 $aFirenze. Biblioteca Laurenziana 907 $a.b13406401$b02-04-14$c31-05-06 912 $a991001655179707536 945 $aLE007 270 GAI 01.01$g1$i2007000104606$lle007$nLE007 2006 Ugenti$op$pE100.00$q-$rl$s- $t0$u12$v21$w12$x0$y.i14244263$z31-05-06 996 $aTraductions latines de Pères grecs$91091273 997 $aUNISALENTO 998 $ale007$b31-05-06$cm$da $e-$ffre$gsz $h0$i0 LEADER 01327nam a2200349 i 4500 001 991001112119707536 005 20020507183502.0 008 001114s1997 uk ||| | eng 020 $a0521556104 035 $ab10802587-39ule_inst 035 $aLE01307215$9ExL 040 $aDip.to Matematica$beng 082 0 $a515.64 084 $aAMS 14C40 084 $aAMS 32G15 084 $aAMS 58D30 084 $aAMS 58E 084 $aAMS 81T30 100 1 $aAlbeverio, Sergio$044256 245 12$aA mathematical introduction to string theory :$bvariational problems, geometric and probabilistic methods /$cSergio Albeverio ... [et al.] 260 $aCambridge ; New York :$bCambridge University Press,$c1997 300 $aviii, 135 p. ;$c23 cm 490 0 $aLondon Mathematical Society lecture note series,$x0076-0552 ;$v225 500 $aIncludes bibliographical references (p. 126-132) and index 650 0$aMathematical physics 650 0$aString models-Mathematics 907 $a.b10802587$b23-02-17$c28-06-02 912 $a991001112119707536 945 $aLE013 58E ALB11 (1997)$g1$i2013000123998$lle013$o-$pE0.00$q-$rl$s- $t0$u0$v0$w0$x0$y.i1090685x$z28-06-02 996 $aMathematical introduction to string theory$9925333 997 $aUNISALENTO 998 $ale013$b01-01-00$cm$da $e-$feng$guk $h2$i1